|
|
|
|
| LEADER |
00000nab#a22000007a#4500 |
| 001 |
arbauad000190 |
| 003 |
AR-BaUAD |
| 005 |
20250711110349.0 |
| 008 |
930527|||||||||###||||||b###|0###a|spa|| |
| 040 |
|
|
|a AR-BaUAD
|c AR-BaUAD
|b spa
|
| 100 |
|
|
|a Martin, Marcel
|
| 245 |
|
|
|a Le nouveau visage du cinéma italien /
|c Marcel Martin; Patrick Bureau; René Gilson; Vittorio Taviani; Paolo Taviani; Valentino Orsini; Elio Petri; Eriprando Visconti; Ermanno Olmi;
|
| 300 |
0 |
|
|b il., fot.
|
| 500 |
|
|
|a Incluye notas críticas de: La commare secca / de Bernardo Bertolucci; Il tempo si e fermato / de Ermanno Olmi; Il posto / de Ermanno Olmi; Un uomo da bruciare / de Valentino Orsini, Paolo y Vittorio Taviani.
|
| 653 |
|
|
|a CINE
|
| 653 |
|
|
|a HISTORIA
|
| 653 |
|
|
|a ITALIA
|
| 653 |
|
|
|a DIRECTORES DE CINE
|
| 653 |
|
|
|a CRITICAS
|
| 653 |
|
|
|a LARGOMETRAJES
|
| 653 |
|
|
|a BERTOLUCCI, BERNARDO
|
| 653 |
|
|
|a OLMI, ERMANNO
|
| 653 |
|
|
|a TAVIANI, VITTORIO
|
| 653 |
|
|
|a TAVIANI, PAOLO
|
| 700 |
1 |
|
|a Bureau, Patrick
|
| 700 |
1 |
|
|a Gilson, René
|
| 700 |
1 |
|
|a Taviani, Vittorio
|
| 700 |
1 |
|
|a Taviani, Paolo
|
| 700 |
1 |
|
|a Orsini, Valentino
|
| 700 |
1 |
|
|a Petri, Elio
|
| 700 |
1 |
|
|a Visconti, Eriprando
|
| 700 |
1 |
|
|a Olmi, Ermanno
|
| 773 |
0 |
|
|t CINEMA 62
|g no. 71 [dic. 1962], p. 20-44
|
| 942 |
|
|
|c ARTI
|
| 952 |
|
|
|0 0
|1 0
|4 0
|7 0
|9 45111
|a AR-BAuAD
|b AR-BAuAD
|d 2025-07-11
|l 0
|p AAQA000190
|r 2025-07-11 11:03:49
|w 2025-07-11
|y ARTI
|
| 990 |
|
|
|a C196
|b TD
|
| 998 |
|
|
|a AAQ
|b BIBUN76
|
| 999 |
|
|
|c 24784
|d 24784
|